000 00361nam a22001577a 4500
005 20160615102845.0
008 160615b xxu||||| |||| 00| 0 eng d
041 _aeng
082 _b7676
100 _aBangia, R.K.
_9533
245 _aSale of goods Act.
260 _aAllahabad
_bLaw agency
_c2004
300 _a168
650 _aManagement
_9241
942 _cBK
999 _c2742
_d2741